Normal view
MARC view
Entry Topical Term
001 - CONTROL NUMBER
- control field: 14924
003 - CONTROL NUMBER IDENTIFIER
- control field: ARRUPE
005 - DATE AND TIME OF LATEST TRANSACTION
- control field: 20150209140543.0
008 - FIXED-LENGTH DATA ELEMENTS
- fixed length control field: 150209|| aca||aabn | a|a d
040 ## - CATALOGING SOURCE
- Original cataloging agency: ARRUPE
- Transcribing agency: ARRUPE
150 ## - HEADING--TOPICAL TERM
- Topical term or geographic name as entry element: Education
- Geographic subdivision: Chad.
670 ## - SOURCE DATA FOUND
- Source citation: Work cat.: (ARRUPE)0: Mbaïosso, Adoum, 1948- 14923, L'éducation au Tchad :, c1990.